000 00762nam a2200193 a 4500
001 BRCA_2132
005 20190320203700.0
008 120808s1992----mx-a---###---#000-0#spa-#
050 4 _aF1391.P8
_b.L43 77
_c1992
100 1 _aTirado Villegas, Gloria
_95437
245 1 0 _aEl ferrocarril Puebla-Izúcar de Matamoros, 1868-1910
_cGloria Tirado Villegas.
260 _aPuebla, México
_bGobierno del Estado de Puebla : Secretaría de Cultura : Comisión Puebla V Centenario
_c1992
300 _a37 p.
_bil.
_c21 cm.
440 0 _aLecturas Históricas de Puebla
_n77
_96439
504 _aBibliografía: p. 33-37
651 4 _aPuebla (México)
_xHistoria
_9409
651 4 _aPuebla (México)
_xDescripción y viajes
_y1868-1910
_zIzúcar de Matamoros
_96440
942 _2lcc
_cB
999 _c1889
_d1889